000 00648nam a22002177a 4500
999 _c15102
_d15102
003 AR-CdUCM
008 190425b ||||| |||| 00| 0 spa d
020 _a978-607-735-388-1
040 _aMUNICIPALIDAD PROVINCIAL DEL CUSCO
_cBIBLIOTECA MUNICIPAL DEL CUSCO
082 _aPI / 790 /
_bR92
100 _aRueda, Claudia
_933549
245 _a¿De donde salió esa cosa roja? /
260 _aMexico :
_bOcéano,
_c2015.
300 _c15 cm
_bIlustración,
650 _aDibujo
_913086
650 _aTécnica
_913122
650 _aInfancia
_95236
700 _aGoldin, Daniel (Edición)
_934111
942 _2ddc
_cLIBROS
945 _arah
_d25/04/2019